<?xml version="1.0" encoding="UTF-8"?>
<marc:record xmlns:marc="http://www.loc.gov/MARC21/slim">
   <marc:leader>00000nam a2200000 a 4500</marc:leader>
   <marc:datafield ind1=" " ind2=" " tag="653">
      <marc:subfield code="a">Humor</marc:subfield>
   </marc:datafield>
   <marc:datafield ind1=" " ind2=" " tag="653">
      <marc:subfield code="a">Hundegeschichten</marc:subfield>
   </marc:datafield>
   <marc:datafield ind1="0" ind2="0" tag="245">
      <marc:subfield code="a">Beverly Hills Chihuahua 3 Viva la Fiesta</marc:subfield>
   </marc:datafield>
   <marc:datafield ind1="0" ind2="0" tag="245">
      <marc:subfield code="b">Familie kommt zuerst</marc:subfield>
   </marc:datafield>
   <marc:datafield ind1="0" ind2="0" tag="245">
      <marc:subfield code="c">Lev L. Spiro [Regie]</marc:subfield>
   </marc:datafield>
   <marc:datafield ind1=" " ind2="1" tag="264">
      <marc:subfield code="a">Wien</marc:subfield>
      <marc:subfield code="b">Walt Disney Studios Home Entertainment</marc:subfield>
      <marc:subfield code="c">2012</marc:subfield>
   </marc:datafield>
   <marc:datafield ind1="1" ind2=" " tag="520">
      <marc:subfield code="a">Berufliche Veränderungen zeichnen sich ab im Leben von Rachel, Sam und ihrer nunmehr siebenköpfigen Hundefamilie. Das noble Landham-Hotel möchte die Nummer Eins für Hundebesitzer an der Westküste werden und engagiert daher Rachel als Köchin, Sam als Gärtner, und die aus nobler Zucht stammende Hundemama Chloe als vierbeinige Repräsentantin. Der mit weniger Pedigree ausgestattete Papa fühlt sich bald schon ähnlich zurückgesetzt wie Sam, und auch an Nesthäkchen Rosa nagen Minderwertigkeitsgefühle. Quelle: Amazon</marc:subfield>
   </marc:datafield>
   <marc:datafield ind1=" " ind2=" " tag="500">
      <marc:subfield code="a">Sprache: Deutsch Engl., Ital.; Bildformat: 16:9, 1.77:1</marc:subfield>
   </marc:datafield>
   <marc:datafield ind1="0" ind2=" " tag="490">
      <marc:subfield code="v">0</marc:subfield>
   </marc:datafield>
   <marc:datafield ind1=" " ind2=" " tag="300">
      <marc:subfield code="a">1 DVD (ca. 87Min.)</marc:subfield>
   </marc:datafield>
</marc:record>
